Mrida Swasthaya Prabandhan evam Tikau Kheti (Record no. 52421)

MARC details
000 -LEADER
fixed length control field 00798nam a22002657a 4500
003 - CONTROL NUMBER IDENTIFIER
control field OSt
008 - FIXED-LENGTH DATA ELEMENTS--GENERAL INFORMATION
fixed length control field 260629b |||||||| |||| 00| 0 eng d
020 ## - INTERNATIONAL STANDARD BOOK NUMBER
International Standard Book Number 9789391734510
082 ## - DEWEY DECIMAL CLASSIFICATION NUMBER
Classification number 631.451
Item number S61M
100 ## - MAIN ENTRY--PERSONAL NAME
Personal name Singh, Anil Kumar
245 ## - TITLE STATEMENT
Title Mrida Swasthaya Prabandhan evam Tikau Kheti
Statement of responsibility, etc. Singh, Anil Kumar
260 ## - PUBLICATION, DISTRIBUTION, ETC. (IMPRINT)
Place of publication, distribution, etc New Delhi
Name of publisher, distributor, etc Today Tomorrows Printers and Publishers
Date of publication, distribution, etc 2022
300 ## - PHYSICAL DESCRIPTION
Extent 242p.
365 ## - TRADE PRICE
Price note 1995.00
650 ## - SUBJECT ADDED ENTRY--TOPICAL TERM
Topical term or geographic name as entry element Sustainable agriculture.
650 ## - SUBJECT ADDED ENTRY--TOPICAL TERM
Topical term or geographic name as entry element Soil management.
650 ## - SUBJECT ADDED ENTRY--TOPICAL TERM
Topical term or geographic name as entry element Soils $x Quality.
650 ## - SUBJECT ADDED ENTRY--TOPICAL TERM
Topical term or geographic name as entry element Sustainable agriculture $x Environmental aspects.
650 ## - SUBJECT ADDED ENTRY--TOPICAL TERM
Topical term or geographic name as entry element Soil conservation.
700 ## - ADDED ENTRY--PERSONAL NAME
Personal name Singh, Shyam Ranjan Kumar
700 ## - ADDED ENTRY--PERSONAL NAME
Personal name Tripathi, Ashish Kumar
700 ## - ADDED ENTRY--PERSONAL NAME
Personal name Singhai, Nitin Kumar
700 ## - ADDED ENTRY--PERSONAL NAME
Personal name Shukla Rashmi
942 ## - ADDED ENTRY ELEMENTS (KOHA)
Source of classification or shelving scheme
Koha item type Books
Holdings
Withdrawn status Lost status Source of classification or shelving scheme Damaged status Not for loan Home library Current library Shelving location Date acquired Source of acquisition Currency Cost, normal purchase price Total Checkouts Full call number Barcode Date last seen Bill Date Koha item type Public note Bill Number
          Dr. Rajendra Prasad Central Agricultural University Pusa, Dr. Rajendra Prasad Central Agricultural University Pusa, General Stacks 29/06/2026 TTPP, New Delhi INR 1995.00   631.451 S61M 87706 29/06/2026 29/01/2026 Books Hindi Medium book IN-00449
Hosted, Implemented, Customized & Maintained by: BestBookBuddies

Powered by Koha